Normal view
MARC view
- Interior decoration. Kitchens
Entry Topical Term
001 - CONTROL NUMBER
- control field: 90143
003 - CONTROL NUMBER IDENTIFIER
- control field: NUST
005 - DATE AND TIME OF LATEST TRANSACTION
- control field: 20220302100956.0
008 - FIXED-LENGTH DATA ELEMENTS
- fixed length control field: 220302|| aca||aabn | a|a d
040 ## - CATALOGING SOURCE
- Original cataloging agency: NUST
- Transcribing agency: NUST
150 ## - HEADING--TOPICAL TERM
- Topical term or geographic name entry element: Interior decoration. Kitchens
670 ## - SOURCE DATA FOUND
- Source citation: Work cat.: (NUST)588502: Flew, Janine 90141, Trends Perfect Kitchen:, 2003.
